| 000 | 00770nam a2200217 i 4500 | ||
|---|---|---|---|
| 001 | 94213 | ||
| 003 | ES-MaACL | ||
| 005 | 20250921063029.0 | ||
| 007 | t| | ||
| 008 | 050711q1898 sp ||||1| spa d | ||
| 100 | 1 |
_aMommsen, Theodor, _d1817-1903 _982081 |
|
| 245 | 1 | 0 |
_aEl derecho penal romano / _cpor Theodor Mommsen ; traducción del alemán por P. Dorado. |
| 260 |
_aMadrid : _bLa España Moderna, _c[ca. 1898] |
||
| 300 |
_a2 v. ; _c23 cm. |
||
| 490 | 1 | _aBiblioteca de jurisprudencia, filosofia e historia | |
| 650 | 7 |
_aDerecho penal romano _2embne _9165164 |
|
| 700 | 1 |
_aDorado Montero, Pedro, _d1861-1919 _945376 |
|
| 830 | 1 | 0 |
_aBiblioteca de jurisprudencia, filosofía e historia _9180691 |
| 852 |
_aES-MaACL _jF-14813-14 |
||
| 999 |
_c94213 _d94213 |
||